000 01167nam a2200361 a 4500
001 83137
003 BD-RjUL
005 20240222155340.0
008 240222s2020 enka b 001 0 eng c
020 _a9780128133729
_q(pbk.)
020 _a0128133724
_q(pbk.)
020 _z9780128134405 (ePub ebook)
035 _a(BD-RjUL)83137
040 _aNLM
_beng
_cNLM
_erda
_dOCLCF
_dOCLCA
_dDLC
_dBD-RjUL
041 _aeng
082 _223
_a573.79
_bSTB 2020
100 1 _aStergiou, Nicholas,
_eauthor.
_911869
245 1 0 _aBiomechanics and gait analysis /
_cNick Stergiou.
264 1 _aLondon ;
_aSan Diego, CA :
_bAcademic Press,
_c2020.
300 _axxviii, 384 pages :
_billustrations ;
_c24 cm
336 _atext
_btxt
_2rdacontent
337 _aunmediated
_bn
_2rdamedia
338 _avolume
_bnc
_2rdacarrier
504 _aIncludes bibliographical references and index.
650 0 _aGait in humans.
_911870
650 0 _aHuman locomotion.
_911871
650 0 _aBiomechanics.
650 1 2 _aGait Analysis.
_911872
650 2 2 _aBiomechanical Phenomena.
_911873
650 2 2 _aLocomotion.
_911874
776 0 8 _iebook version :
_z9780128134405
942 _2ddc
_cBK
999 _c83137
_d83137